书目信息 |
| 题名: |
这才是宋史
|
|
| 作者: | 余耀华 著 | |
| 分册: | 壹 太祖太宗卷 | |
| 出版信息: | 长春 时代文艺出版社 2010.01 |
|
| 页数: | 310页 | |
| 开本: | 24cm | |
| 丛书名: | ||
| 单 册: | ||
| 中图分类: | I247.5 | |
| 科图分类: | ||
| 主题词: | 历史小说--li shi xiao shuo--中国--当代 | |
| 电子资源: | ||
| ISBN: | 978-7-5387-2923-8 | |
| 000 | 00852nam0 2200229 450 | |
| 001 | 012010808201 | |
| 005 | 20101105153124.96 | |
| 010 | @a978-7-5387-2923-8@dCNY29.80 | |
| 100 | @a20101105d2010 em y0chiy0120 ea | |
| 101 | 0 | @achi |
| 102 | @aCN@b220000 | |
| 105 | @aa z 000ay | |
| 106 | @ar | |
| 200 | 1 | @a这才是宋史@Azhe cai shi song shi@h壹@i太祖太宗卷@f余耀华著@Fyu yao hua zhu |
| 210 | @a长春@c时代文艺出版社@d2010.01 | |
| 215 | @a310页@c图@d24cm | |
| 330 | @a《这才是宋史》壹,从宋太祖赵匡胤出生开始写起,历经陈桥兵变、赵匡胤从柴氏孤儿寡母手中夺得后周天下,开创赵宋王朝,再到烛光斧影,赵匡胤离奇死去,兄终弟及,赵光义做了赵宋第二代皇帝,至其终而结束。 | |
| 606 | 0 | @a历史小说@Ali shi xiao shuo@y中国@z当代 |
| 690 | @aI247.5@v4 | |
| 701 | 0 | @a余耀华@Ayu yao hua@4著 |
| 801 | 0 | @aCN@bQSSK@c20101105 |
| 905 | @b787650-52@dI247.5@eY776:1@f3 | |
| 这才是宋史.壹.太祖太宗卷/余耀华著.-长春:时代文艺出版社,2010.01 |
| 310页:图;24cm |
| ISBN 978-7-5387-2923-8:CNY29.80 |
| 《这才是宋史》壹,从宋太祖赵匡胤出生开始写起,历经陈桥兵变、赵匡胤从柴氏孤儿寡母手中夺得后周天下,开创赵宋王朝,再到烛光斧影,赵匡胤离奇死去,兄终弟及,赵光义做了赵宋第二代皇帝,至其终而结束。 |
| ● |
| 相关链接 |
|
|
|
正题名:这才是宋史
索取号:I247.5/Y776:1
 
预约/预借
| 序号 | 登录号 | 条形码 | 馆藏地/架位号 | 状态 | 备注 |
| 1 | 787650 | 207876501 | 文学库108/108文学库 40排2列2层/ [索取号:I247.5/Y776:1] | 在馆 | |
| 2 | 787651 | 207876510 | 文学库108/108文学库 40排2列2层/ [索取号:I247.5/Y776:1] | 在馆 | |
| 3 | 787652 | 207876529 | 文学库108/108文学库 40排2列2层/ [索取号:I247.5/Y776:1] | 在馆 |